[Event "Napoli Porreca Memorial 2nd"]
[Site "Napoli"]
[Date "2012.09.27"]
[Round "2"]
[White "Avolio, Giovanni"]
[Black "Zinnai, Graziano Matteo"]
[Result "0-1"]
[WhiteElo "1899"]
[BlackElo "2008"]
[PlyCount "108"]
[EventDate "2012.09.20"]
[EventType "swiss"]
[EventRounds "7"]
[EventCountry "ITA"]
[SourceTitle "EXT 2014"]
[Source "ChessBase"]
[SourceDate "2013.11.20"]
[SourceVersion "1"]
[SourceVersionDate "2013.11.20"]
[SourceQuality "1"]

1. c4 Nf6 2. Nc3 e6 3. e4 d5 4. cxd5 exd5 5. e5 Nfd7 6. d4 c5 7. Nf3 Nc6 8. Bb5 a6 9. Ba4 b5 10. Bc2 Bb7 11. 0-0 cxd4 12. Bg5 Be7 13. Bxe7 Nxe7 14. Qxd4 Qb6 15. Rfe1 Qxd4 16. Nxd4 Nc5 17. Rad1 Ne6 18. Nce2 Rc8 19. f4 g6 20. Bb1 Nc6 21. Nf3 Rd8 22. Rd2 Ke7 23. Red1 Na5 24. b3 Rd7 25. Nfd4 Rhd8 26. Nxe6 Kxe6 27. Nd4+ Ke7 28. Rc1 Rc8 29. Rxc8 Bxc8 30. Rc2 Kd8 31. Kf2 Rc7 32. Ke3 Bd7 33. Rxc7 Kxc7 34. Bd3 Kb6 35. Be2 b4 36. g4 Bc8 37. f5 Kc5 38. e6 fxe6 39. f6 Kd6 40. g5 e5 41. Nf3 Nc6 42. Ne1 a5 43. h4 d4+ 44. Ke4 Bf5+ 45. Kf3 Bb1 46. Bd3 Bxa2 47. Bc4 a4 48. Bg8 Bxb3 49. Bxh7 a3 50. Bxg6 a2 51. Bc2 a1Q 52. g6 Qxe1 53. Bxb3 Qe3+ 54. Kg4 Qxb3 0-1

[Event "Napoli Porreca Memorial 2nd"]
[Site "Napoli"]
[Date "2012.09.20"]
[Round "1"]
[White "Zinnai, Graziano Matteo"]
[Black "Lettieri, Giuseppe"]
[Result "0-1"]
[WhiteElo "2008"]
[BlackElo "2370"]
[PlyCount "106"]
[EventDate "2012.09.20"]
[EventType "swiss"]
[EventRounds "7"]
[EventCountry "ITA"]
[SourceTitle "EXT 2014"]
[Source "ChessBase"]
[SourceDate "2013.11.20"]
[SourceVersion "1"]
[SourceVersionDate "2013.11.20"]
[SourceQuality "1"]

1. e4 e5 2. Nf3 Nc6 3. d3 Nf6 4. c3 d5 5. Nbd2 Bc5 6. b4 Bd6 7. Bb2 0-0 8. Be2 a5 9. a3 Ne7 10. 0-0 Ng6 11. Re1 c6 12. h3 Re8 13. Bf1 Qc7 14. Qc2 Be6 15. d4 dxe4 16. dxe5 Nxe5 17. Nxe5 Bxe5 18. Nxe4 Nxe4 19. Qxe4 Bxh3 20. f4 Qb6+ 21. Kh1 Qf2 22. Re2 Bxg2+ 23. Bxg2 Qh4+ 24. Bh3 Qxh3+ 25. Rh2 Bxc3 26. Qxe8+ Rxe8 27. Rxh3 Bxb2 28. Ra2 Bc1 29. f5 Re5 30. Rd3 h5 31. Rf2 Bg5 32. Rd7 axb4 33. axb4 Rb5 34. Re2 Rxb4 35. Re8+ Kh7 36. Rxf7 Bf6 37. Rb8 b5 38. Rb6 Rc4 39. Rf8 b4 40. Rc8 c5 41. Rb5 Kh6 42. Rcxc5 Rxc5 43. Rxc5 b3 44. Rb5 b2 45. Kg2 Kg5 46. Kf3 h4 47. Kg2 Kf4 48. Kh3 Ke4 49. Kg4 Kd3 50. Rb7 Kc2 51. Rc7+ Bc3 52. Rb7 Be1 53. Rc7+ Kb3 0-1

[Event "Napoli Sociale-ch"]
[Site "Napoli"]
[Date "2012.06.12"]
[Round "3"]
[White "Zinnai, Graziano Matteo"]
[Black "Messina, Enrico"]
[Result "1-0"]
[WhiteElo "1975"]
[BlackElo "2167"]
[PlyCount "109"]
[EventDate "2012.05.31"]
[EventType "swiss"]
[EventRounds "7"]
[EventCountry "ITA"]
[SourceTitle "EXT 2018"]
[Source "ChessBase"]
[SourceDate "2017.10.13"]
[SourceVersion "1"]
[SourceVersionDate "2017.10.13"]
[SourceQuality "1"]

1. d4 Nf6 2. Nf3 c5 3. c3 b6 4. Bf4 Bb7 5. e3 d6 6. h3 Nbd7 7. Be2 g6 8. 0-0 Bg7 9. Nbd2 0-0 10. b4 Nd5 11. Qb3 cxb4 12. cxb4 Nxf4 13. exf4 e5 14. fxe5 dxe5 15. dxe5 Nxe5 16. Rad1 Bd5 17. Qb1 Qf6 18. Nxe5 Qxe5 19. Bf3 Rad8 20. Bxd5 Qxd5 21. Nf3 Qc4 22. Nd2 Qc3 23. Ne4 Qe5 24. Rfe1 Rxd1 25. Qxd1 Qb2 26. Qb1 Qxb1 27. Rxb1 Rc8 28. a3 Rc2 29. Rd1 Be5 30. g3 Re2 31. Nd6 Rc2 32. Ne4 Ra2 33. Rd8+ Kg7 34. Rd7 Rxa3 35. Ng5 h6 36. Nxf7 Bc3 37. b5 h5 38. h4 Kf6 39. Ng5 Kf5 40. Kg2 Ra2 41. Rd5+ Kf6 42. Ne4+ Ke6 43. Nxc3 Rc2 44. Rd3 Rb2 45. Kf3 Rb4 46. Nd5 Rb2 47. Nf4+ Kf5 48. Rd5+ Kf6 49. Rd6+ Kf5 50. Rxg6 Rb3+ 51. Kg2 Ke4 52. Rg5 Kd4 53. Nxh5 a5 54. bxa6 b5 55. a7 1-0

[Event "Napoli Parthenope op 4th"]
[Site "Napoli"]
[Date "2012.05.10"]
[Round "7"]
[White "Messina, Enrico"]
[Black "Zinnai, Graziano Matteo"]
[Result "1-0"]
[WhiteElo "2163"]
[BlackElo "1989"]
[PlyCount "67"]
[EventDate "2012.03.22"]
[EventType "swiss"]
[EventRounds "7"]
[EventCountry "ITA"]
[SourceTitle "EXT 2018"]
[Source "ChessBase"]
[SourceDate "2017.10.13"]
[SourceVersion "1"]
[SourceVersionDate "2017.10.13"]
[SourceQuality "1"]

1. e4 e6 2. d4 d5 3. Nd2 Nf6 4. e5 Nfd7 5. f4 c5 6. c3 Nc6 7. Ndf3 Qb6 8. g3 cxd4 9. cxd4 Bb4+ 10. Kf2 g5 11. fxg5 Ndxe5 12. Nxe5 Nxe5 13. Kg2 Nc6 14. Nf3 Bd7 15. Bf4 Bf8 16. Be5 Nxe5 17. Nxe5 Bd6 18. Nxd7 Kxd7 19. Be2 Rhg8 20. Rf1 Ke7 21. Qd2 Rac8 22. Bh5 Rgf8 23. Rf2 Rc7 24. Raf1 Ke8 25. Rf6 Re7 26. R1f2 Qc7 27. Qd3 Qc1 28. h4 Qc7 29. Rc2 Qb8 30. Rc3 e5 31. Qb5+ Kd8 32. Qxd5 Rd7 33. Bg4 exd4 34. Qf5 1-0